Alle Vereine der Regionalliga 2024/2025 - Statistiken

Allgemein
  • Dieses Quiz wurde 189 mal gespielt
  • Das Durchschnittsergebnis liegt bei 54 aus 89
Antwortstatistiken
Antwort % Korrekt
Bahlinger SC
87%
FC Carl Zeiss Jena
83%
Fortuna Köln
83%
MSV Duisburg
80%
Stuttgarter Kickers
80%
VFB Lübeck
80%
1. FC Phönix Lübeck
79%
Hamburger SV II
79%
1. FC Köln II
78%
1. FC Lok Leipzig
78%
Rot-Weiß Erfurt
78%
BSG Chemie Leipzig
77%
Chemnitzer FC
77%
Bayern München II
75%
FSV Frankfurt
74%
1. FC Nürnberg II
73%
Hallescher FC
73%
SC Freiburg II
73%
Würzburger Kickers
73%
SV Meppen
72%
SV Werder Bremen II
72%
VFB Oldenburg
72%
Borussia Mönchengladbach II
71%
FC St. Pauli II
71%
FSV Zwickau
71%
Hertha BSC II
71%
Kickers Offenbach
71%
Rot-Weiß Oberhausen
71%
Wuppertaler SV
71%
Eintracht Frankfurt II
69%
Fortuna Düsseldorf II
69%
Holstein Kiel II
69%
SC Weiche Flensburg 08
69%
SpVgg Greuther Fürth II
69%
FC Schalke 04 II
68%
Türkspor Dortmund
68%
FC Viktoria 1889 Berlin
67%
Greifswalder FC
67%
TSG 1899 Hoffenheim II
67%
1. FC Schweinfurt 05
65%
BFC Dynamo
65%
Bremer SV
65%
Eintracht Trier
65%
FC Augsburg II
65%
SpVgg Bayreuth
65%
TSV Schwaben Augsburg
65%
Hessen Kassel
63%
SV Babelsberg
63%
KFC Uerdingen 05
62%
TSV Havelse
62%
VFC Plauen
62%
Kickers Emden
61%
FC 08 Homburg
60%
SC Paderborn II
60%
1. FC Düren
59%
1. FSV Mainz 05 II
55%
FC Gütersloh
54%
ZFC Meuselwitz
54%
Göppinger SV
53%
Viktoria Aschaffenburg
53%
Türkgücü München
51%
FC Teutonia Ottensen
50%
Sportfreunde Lotte
50%
SV Drochtersen/Assel
50%
Wacker Burghausen
50%
Eintracht Bamberg
49%
1. FC Bocholt
47%
FV Illertissen
47%
SV Rödinghausen
47%
VSG Altglienicke
47%
FC Eilenburg
46%
SGV Freiberg Fußball
45%
FSV 63 Luckenwalde
44%
SC Wiedenbrück
44%
FC 08 Villingen
43%
FC Gießen
43%
DJK Vilzing
41%
Hertha Zehlendorf
41%
TSV Steinbach Haiger
41%
Eintracht Norderstedt
40%
SSV Jeddeloh II
40%
Eintracht Hohkeppel
37%
FC-Astoria Walldorf
37%
SpVgg Ansbach
36%
Blau-Weiß Lohne
32%
SG Barockstadt Fulda-Lehnerz
31%
TSV Buchbach
29%
TSV Aubstadt
28%
SpVgg Hankofen-Hailing
20%
Keine übereinstimmenden Quizze gefunden
Verteilung der Resultate
Anzahl Personen mit jedem Resultat
Perzentil nach korrekt beantworteten Fragen
Ihre Resultats-Entwicklung
Sie haben dieses Quiz noch nicht gespielt